[Event "Mallorca-chT Preferente"]
[Site "Mallorca"]
[Date "2021.04.17"]
[Round "6"]
[White "Perez Gandesa, Jose Antonio"]
[Black "Jimenez Anders, Valentin"]
[Result "1/2-1/2"]
[WhiteElo "1814"]
[BlackElo "1813"]
[PlyCount "93"]
[EventDate "2021.03.06"]
[EventType "team-swiss"]
[EventRounds "7"]
[EventCountry "ESP"]
[SourceTitle "EXT 2023"]
[Source "ChessBase"]
[SourceDate "2022.10.05"]
[SourceVersion "1"]
[SourceVersionDate "2022.10.05"]
[SourceQuality "1"]
[WhiteTeam "Vuit Peons"]
[BlackTeam "Maria Salut"]
[WhiteTeamCountry "ESP"]
[BlackTeamCountry "ESP"]

1. d4 Nf6 2. Bg5 g6 3. Bxf6 exf6 4. e3 Bg7 5. Bd3 f5 6. Ne2 d5 7. Nf4 0-0 8. h4 h6 9. c3 c6 10. Nd2 Nd7 11. Nf3 Re8 12. Qc2 a5 13. a4 Nf6 14. 0-0 Ne4 15. g3 Qd6 16. Kg2 Bd7 17. c4 Nf6 18. Qb3 Qb4 19. Qxb4 axb4 20. c5 Ne4 21. Rfc1 Reb8 22. a5 Bf6 23. a6 bxa6 24. Rxa6 Rxa6 25. Bxa6 Ra8 26. Be2 Ra2 27. Nd3 g5 28. hxg5 hxg5 29. Bd1 g4 30. Nfe1 Nd2 31. Rc2 Nc4 32. b3 Ra1 33. bxc4 dxc4 34. Rxc4 Rxd1 35. Rxb4 Be6 36. Kf1 Bd5 37. Ke2 Ra1 38. Rb2 Kg7 39. Nf4 Bc4+ 40. Kd2 Bd8 41. Ned3 Ba5+ 42. Kc2 Bb5 43. Nc1 Ba4+ 44. Nb3 Rf1 45. Nd3 Bc7 46. Ra2 Bb5 47. Kc3 1/2-1/2

[Event "Campos Migjorn op"]
[Site "Campos"]
[Date "2016.09.17"]
[Round "4"]
[White "Vicens Company, Maria Antonia"]
[Black "Jimenez Anders, Valentin"]
[Result "0-1"]
[WhiteElo "1785"]
[BlackElo "1809"]
[PlyCount "104"]
[EventDate "2016.09.09"]
[EventType "swiss"]
[EventRounds "8"]
[EventCountry "ESP"]
[SourceTitle "EXT 2017"]
[Source "ChessBase"]
[SourceDate "2016.10.25"]
[SourceVersion "1"]
[SourceVersionDate "2016.10.25"]
[SourceQuality "1"]

1. Nf3 Nf6 2. c4 c6 3. Nc3 d5 4. cxd5 cxd5 5. d3 g6 6. g3 Bg7 7. Bg2 Nc6 8. Bf4 d4 9. Nb1 Nd5 10. Bd2 0-0 11. 0-0 h6 12. Na3 Nb6 13. Qc1 Kh7 14. Nc4 e5 15. Rb1 Be6 16. b3 f5 17. Ne1 Bd5 18. Nxb6 axb6 19. a4 Na5 20. Bxd5 Qxd5 21. Qb2 Nc6 22. Nc2 e4 23. Nb4 Nxb4 24. Bxb4 Rfc8 25. Rfd1 e3 26. Rdc1 exf2+ 27. Kxf2 f4 28. gxf4 Qh5 29. Bd6 Qxh2+ 30. Kf3 Re8 31. e4 Qh3+ 32. Kf2 Qe3+ 33. Kg2 Qxd3 34. e5 Rac8 35. Rc7 Rxc7 36. Bxc7 Qe4+ 37. Kg3 Qe3+ 38. Kg2 Qxf4 39. Rf1 Qe4+ 40. Kh3 Qe3+ 41. Kg2 Bxe5 42. Bxe5 Rxe5 43. Rf7+ Kg8 44. Rf2 Rg5+ 45. Kf1 Qd3+ 46. Re2 Re5 47. b4 Qxe2+ 48. Qxe2 Rxe2 49. Kxe2 Kf7 50. Kd3 Ke6 51. Kxd4 Kd6 52. Ke4 h5 0-1